000
00365nam a2200157Ia 4500
008
151213s9999 xx 000 0 und d
100
_a
S.Khalid Rshid
245
_a
Muslim Laws
_c
S.Khalid Rshid
250
_a
4th
260
_a
New Delhi
_b
Eastern Book
_c
2004
300
_a
7896 p.
650
_a
Law
650
_a
Law
700
_a
S.Khalid Rshid
999
_c
4048
_d
4048